Aguas obscuras = Dark Waters /

Basada en hechos reales, la película recrea el caso legal en que el abogado ambientalista Robert Bilott demandó a la multinacional DuPont después de que se comprobara que una de sus fábricas de teflón causó la contaminación del agua en un poblado de Cincinnati y eso provocara la muerte de animales y...

ver descrição completa

Na minha lista:
Detalhes bibliográficos
Autor principal: Haynes, Todd (realización)
Outros Autores: Correa, Mario (guión) (guión), Carnahan, Matthew Michael (guión) (guión), Lachman, Edward (fotógrafo) (fotógrafo), Peterson, Christopher (vestuario) (vestuario), Gonçalves, Affonso (montaje) (montaje), Zarvos, Marcelo (música) (música), Ruffalo, Mark (actuación) (actuación), Hathaway, Anne (actuación) (actuación), Robbins, Tim (actuación) (actuación)
Formato: Slides
Idioma:inglês
Edição:Edición en doble formato blu-ray/DVD
Assuntos:
Tags: Adicionar Tag
Sem tags, seja o primeiro a adicionar uma tag!

MARC

LEADER 00000ngm^a2200000^a^4500
001 000432305
005 20250521000000.0
008 211008 20202020
009 20260310123010.919
037 |a Acervo ITESO - Biblioteca 
041 |a ING 
082 |a 810.  |b HAY V. 2 
100 |a Haynes, Todd  |e (realización) 
240 1 4 |a [El precio de la verdad, de Todd Haynes] 
245 1 3 |a Aguas obscuras =  |b Dark Waters /  |c Realización de T. Haynes. 
246 2 |a Título en México: El precio de la verdad 
246 2 |a Título en la pantalla: Aguas obscuras 
246 2 |a Título en la cubierta: Dark Waters 
250 |a Edición en doble formato blu-ray/DVD 
264 2 |a Universal City, EUA :  |b Universal Pictures [distribución],  |c 2020, c2020 
300 |a 1 DVD sin dato de región (127 min.) :  |b color 
336 |a imagen móvil bidimensional  |b tdi  |2 rdacontenido 
337 |a video  |b v  |2 rdamedio 
338 |a videodisco  |b vd  |2 rdasoporte 
500 |a Basado en: The Lawyer Who Became DuPont's Worst Nightmare, de Nathaniel Rich 
520 |a Basada en hechos reales, la película recrea el caso legal en que el abogado ambientalista Robert Bilott demandó a la multinacional DuPont después de que se comprobara que una de sus fábricas de teflón causó la contaminación del agua en un poblado de Cincinnati y eso provocara la muerte de animales y numerosas personas enfermaran de cáncer. El caso inició en 1998 y concluyó hasta el 2017, cuando finalmente se logró que la multinacional pagara 671 millones de dólares en reparación de daños. 
530 |a Existe una edición en formato audiovisual en blu-ray con el mismo título 
546 |a En inglés, con subtítulos opcionales: español, inglés, francés 
546 |a Doblaje opcional: español, francés 
586 |a Premio César, de la Academia Francesa de Cine (46°, 2021): Mejor Película Extranjera (finalista) 
649 |a XX 
650 |a Abogados en el Cine 
650 |a Científicos en el Cine 
650 |a Cine Jurídico 
650 |a Cine Social y Político 
650 |a Dramas Cinematográficos 
650 |a Cine Norteamericano -  |y 2010-2019 
650 |a Cine Norteamericano -  |y Siglo XXI 
650 |a Artículos Periodísticos Norteamericanos -  |x Adaptaciones para Cine 
650 |a Teflón 
650 |a Plantas Químicas -  |z Cincinnati, EUA 
650 |a Plantas Químicas -  |z EUA 
650 |a Agua -  |x Aspectos Jurídicos 
650 |a Agua -  |x Contaminación 
650 |a Contaminación Ambiental -  |z Cincinnati, EUA 
650 |a Contaminación Ambiental -  |z EUA 
650 |a Demandas y Denuncias -  |z Cincinnati, EUA -  |x Historia -  |y 2001-2009 
650 |a Demandas y Denuncias -  |z EUA -  |x Historia -  |y 2001-2009 
650 |a Juicios -  |z Cincinnati, EUA -  |x Historia -  |y 2001-2009 
650 |a Juicios -  |z EUA -  |x Historia -  |y 2001-2009 
650 |a Derecho Ambiental -  |z EUA 
650 |a Derecho Procesal -  |z EUA 
650 |a Derecho Público -  |z EUA 
650 |a Bilott, Robert 
650 |a Wilbur, Tennant 
650 |a DuPont 
700 |a Correa, Mario  |e (guión) 
700 |a Carnahan, Matthew Michael  |e (guión) 
700 |a Lachman, Edward  |e (fotógrafo) 
700 |a Peterson, Christopher  |e (vestuario) 
700 |a Gonçalves, Affonso  |e (montaje) 
700 |a Zarvos, Marcelo  |e (música) 
700 |a Ruffalo, Mark  |e (actuación) 
700 |a Hathaway, Anne  |e (actuación) 
700 |a Robbins, Tim  |e (actuación) 
910 |a Fondo General 
920 |a Audiovisuales - DVDs 
940 |a Películas 
905 |a 302 
901 |a 0500349725  |b IT2  |c DVS  |i C173051  |u 20250521 
902 |a https://opac.biblio.iteso.mx/vufind/Record/000432305